Miesto, podstata a obsah emocionálnej inteligencie v celostnej kompetentnosti manažérov
Celostná spôsobilosť subjektov manažmentu. Sociálna zrelosť (sociálna inteligencia SQ) a emočná inteligencia (EQ). Vrcholové vlastnícke, manažérske a politické pozície. Povinnosti, práva a zodpovednosť riešiť súčasné problémy ľudstva.
Saved in:
| Main Author: | |
|---|---|
| Format: | Book Chapter |
| Language: | Slovak |
| Subjects: | |
| Tags: |
No Tags, Be the first to tag this record!
|
MARC
| LEADER | 00000nla$a2200000$$$4500 | ||
|---|---|---|---|
| 001 | 0120113 | ||
| 005 | 20240502072338.0 | ||
| 041 | 0 | |a slo | |
| 044 | |a SK | ||
| 245 | 1 | 0 | |a Miesto, podstata a obsah emocionálnej inteligencie v celostnej kompetentnosti manažérov |c Ján Porvazník |
| 520 | |a Celostná spôsobilosť subjektov manažmentu. Sociálna zrelosť (sociálna inteligencia SQ) a emočná inteligencia (EQ). Vrcholové vlastnícke, manažérske a politické pozície. Povinnosti, práva a zodpovednosť riešiť súčasné problémy ľudstva. | ||
| 610 | 2 | 0 | |a manažment personálny |
| 610 | 2 | 0 | |a manažment znalostný |
| 610 | 2 | 0 | |a inteligencia emocionálna |
| 610 | 2 | 0 | |a metódy riadenia |
| 610 | 2 | 0 | |a kompetencie |
| 610 | 2 | 0 | |a vedenie ľudí |
| 610 | 2 | 0 | |a zodpovednosť spoločenská |
| 610 | 2 | 0 | |a behaviorizmus |
| 100 | 1 | |a Porvazník, Ján | |